000
00372nam a22001337a 4500
020
_a
9787561955628
082
_a
951 ; HUA
100
_a
Yu Huaying
245
_a
101 tips for living in China
_c
Yu Huaying
260
_a
Beijing
_b
Language and culture university press
_c
2019
300
_a
213p
942
_2
ddc
_c
BK
999
_c
587884
_d
587884